Perspectives of Law and Public Administration

Bibliographic Details
Format: eBook
Language:English
Published: Bucarest: Bucharest Academy of Economic Studies, 2018 -
Subjects:
Online Access:Acceso restringido

MARC

LEADER 00000nam a22000007a 4500
005 2019091505315.0
007 cr|||| ||||
008 190915c20189999ro zn|w s|||| 0|||b1eng d
022 |a 2286- 0649 
035 |a 21957 
040 |a vLex 
090 |c 9526  |d 9526 
245 0 0 |a Perspectives of Law and Public Administration  |h [Recurso electrn̤ico] / 
256 |a Servicio en ln̕ea 
260 |a Bucarest:  |b Bucharest Academy of Economic Studies,  |c 2018 - 
300 |a 1 recurso electrn̤ico 
310 |a Irregular 
506 1 |a Disponible solo en los productos indicados  |d vLex Global  |d vLex Global (Academic Edition, excluding Law Schools)  |d vLex Global (U.S. Academic Edition, Law Schools)  |d vLex Global (U.S. Academic Edition, excluding Law Schools)  |d vLex Global (Academic Edition, Law Schools) 
650 0 4 |a Economa̕ y negocios  |z Rumania 
740 0 |a vLex Revistas (Servicio en ln̕ea) 
856 4 0 |u http://vlex.com/source/perspectives-law-public-administration-21957  |z Acceso restringido 
942 |c REV 
999 0 |a Economy and business